00503 2200193 4500001002100000005001500021008004100036020002200077035001900099041000700118082001100125090001500136100002300151245002900174250001100203260004700214300002700261650002100288INLIS00000000000956520241224113838241224||||||||| | ||| |||| || |  a978-602-8730-62-4 0010-1224009565 aid0 a300.72 a300.72 MET0 aBagong Suyanto dkk00aMetode Penelitian Sosial aRevisi aJakartabkencana prenada media groupc2011 axviii, 306 hlm.; 23 cm 0aIlmu-ilmu Sosial